Learning disabled children grow up : a search for factors related to success in the young adult years (Record no. 71826)

MARC details
000 -CABECERA
campo de control de longitud fija 00693nam a2200241 a 4500
005 - FECHA Y HORA DE LA ÚLTIMA TRANSACCIÓN
campo de control 20210219153236.0
008 - ELEMENTOS DE LONGITUD FIJA--INFORMACIÓN GENERAL
campo de control de longitud fija 991125n 000 0 u
035 ## - NÚMERO DE CONTROL DEL SISTEMA
Número de control de sistema UPN01000085321
100 1# - ASIENTO PRINCIPAL--NOMBRE PERSONAL
Nombre de persona Spekman, Nancy J
222 ## - TÍTULO CLAVE
Título clave LEARNING DISABILITIES RESEARCH AND PRACTICE
245 ## - MENCIÓN DE TÍTULO
Título Learning disabled children grow up : a search for factors related to success in the young adult years
300 ## - DESCRIPCIÓN FÍSICA
Extensión 161-170
362 0# - FECHAS DE PUBLICACIÓN Y/O DESIGNACIÓN SECUENCIAL
Fecha de publicación y/o designación secuencial 1992 Vol. 7, no. 3
653 0# - TERMINO DE INDIZACION - NO CONTROLADO
Término no controlado EXITO
653 0# - TERMINO DE INDIZACION - NO CONTROLADO
Término no controlado NIÑOS
653 0# - TERMINO DE INDIZACION - NO CONTROLADO
Término no controlado VARIABLES PREDICTIVAS
700 1# - ASIENTO SECUNDARIO--NOMBRE DE PERSONAL
Nombre de persona Herman, Kenneth L.,
700 1# - ASIENTO SECUNDARIO--NOMBRE DE PERSONAL
Término indicativo de función/relación coaut.
700 1# - ASIENTO SECUNDARIO--NOMBRE DE PERSONAL
Nombre de persona Goldberg, Roberta J.,
700 1# - ASIENTO SECUNDARIO--NOMBRE DE PERSONAL
Término indicativo de función/relación coaut.
904 ## - ELEMENTOS DE DATOS D LOCAL, LDD (RLIN)
a AC
b 023132
905 ## - TIPO DE MATERIAL
Tipo de material Articulo

No items available.